00839nam a22001577a 450000500170000000800410001704000080005804100070006608200120007310000540008524500590013926000320019830000070023052002640023765001800050120160613113754.0160613b xxu||||| |||| 00| 0 eng d aANE aEs aTV-2776 aJiménez, Clevereex asambleísta de Pachakutik aExasambleísta solicita que se le restituya su curul  aQuitobEcuavisac2016-06-10 ap. aEl ex asambleísta de Pachakutik, Cléver Jiménez presentó una acción de protección ante el Consejo de la Judicatura en contra de los integrantes del Consejo de Administración Legislativa para exigir que se le restituya su curul en la Asamblea.  asolicitud/ex asambleísta/Pachakutik/Consejo de la Judicatura/acción de protección/contra/integrantes s del Consejo de Administración Legislativa / restituya su curul /